Workshop practice, (Record no. 545988)

000 -LEADER
fixed length control field 00475cam a2200157u 4500
082 ## - DEWEY DECIMAL CLASSIFICATION NUMBER
Classification number 621.8
Author Mark Tay
-- D
100 1# - MAIN ENTRY--PERSONAL NAME
Personal name Pull, Ernest. [from old catalog]
9 (RLIN) 41977
245 10 - TITLE STATEMENT
Title Workshop practice,
Remainder of title a practical text book.
250 ## - EDITION STATEMENT
Edition statement rev. and enl. ed.
260 ## - PUBLICATION, DISTRIBUTION, ETC.
Place of publication, distribution, etc. London,
Name of publisher, distributor, etc. Technical Press,
Date of publication, distribution, etc. 1947.
300 ## - PHYSICAL DESCRIPTION
Extent xvi, 758 p.
Other physical details illus.
Dimensions 19 cm.
526 ## - STUDY PROGRAM INFORMATION NOTE
Program name 0
Interest level 0
Reading level 0
Title point value 621_800000000000000_TAY
650 #0 - SUBJECT ADDED ENTRY--TOPICAL TERM
Topical term or geographic name entry element MCE
9 (RLIN) 379
700 2# - ADDED ENTRY--PERSONAL NAME
Personal name Johnstone-Taylor, Frank,
9 (RLIN) 41978
942 ## - ADDED ENTRY ELEMENTS (KOHA)
Source of classification or shelving scheme
Koha item type Book
Holdings
Withdrawn status Lost status Source of classification or shelving scheme Damaged status Not for loan Permanent Location Current Location Date acquired Total Checkouts Full call number Barcode Date last seen Price effective from Koha item type
          Military College of Engineering (MCE) Military College of Engineering (MCE) 06/02/2014   621.8 Tay MCE-41694 06/02/2014 06/02/2014 Book
© 2023 Central Library, National University of Sciences and Technology. All Rights Reserved.